000
00271nam a22001097a 4500
008
230704b xxu||||| |||| 00| 0 eng d
082
_a
362.2
_b
WHI 1988
245
_a
The White House Conference for a Drug Free America
260
_c
1988
300
_a
238p
942
_2
ddc
_c
BK
999
_c
3941
_d
3941